| 000 | 01512nam a22003137a 4500 | ||
|---|---|---|---|
| 999 |
_c16255 _d16255 |
||
| 003 | EG-ScBUE | ||
| 005 | 20211003114244.0 | ||
| 008 | 111124s1992 le f 00 00 ara d | ||
| 040 |
_aEG-ScBUE _bara _erda _cEG-ScBUE _dEG-ScBUE |
||
| 043 | _ama----- | ||
| 082 | 0 | 4 |
_a956 _bخ ل د _222 |
| 100 | 1 |
_aابن خلدون، عبد الرحمن بن محمد، _d732-808 هـ.، _eمؤلف. |
|
| 245 | 1 | 0 |
_aتاريخ ابن خلدون، المسمى، كتاب العبر وديوان المبتدأ والخبر في أيام العرب والعجم والبربر ومن عاصرهم من ذوي السلطان الأكبر / _cللعلامة عبد الرحمن بن خلدون. |
| 246 | 3 | 3 | _aعبر وديوان المبتدأ والخبر في أيام العرب والعجم والبربر ومن عاصرهم من ذوي السلطان الأكبر |
| 250 | _aالطبعة الأولى. | ||
| 264 | 1 |
_aبيروت : _bدار الكتب العلمية، _c1992. |
|
| 300 |
_a7 مجلدات ؛ _c24 سم |
||
| 336 |
_2rdacontent _aنص _btxt |
||
| 337 |
_2rdamedia _aبدون وسيط _bn |
||
| 338 |
_2rdacarrier _aمجلد _bnc |
||
| 505 | 2 | _aالمجلد الأول. المقدمة | |
| 541 | _cDonation. | ||
| 650 | 7 |
_98768 _aالتاريخ _xفلسفة. _2BUEsh |
|
| 650 | 7 |
_aالتاريخ الإسلامي. _2BUEsh |
|
| 651 | 7 |
_927862 _aالدول العربية _xتاريخ. _2BUEsh |
|
| 653 | 7 |
_aBUEsh _bGGEN _cSeptember2021 |
|
| 655 | 7 |
_2BUEsh _vReading book _934232 |
|
| 942 |
_2ddc _cBB |
||